|
|
|
|
| LEADER |
00653cam a2200181 7i4500 |
| 001 |
0000017413 |
| 005 |
20060503090000.0 |
| 022 |
0 |
0 |
|a 1394-4630
|
| 090 |
0 |
0 |
|a CD 641.3025
|b FED (M)
|
| 245 |
0 |
0 |
|a Food & beverage :
|b FMM - MATRADE industry directory 2005/ 06.
|
| 250 |
0 |
0 |
|a 3rd ed.
|
| 260 |
0 |
0 |
|a Kuala Lumpur:
|b FMM,
|c 2005.
|
| 300 |
# |
# |
|a Electronic computer optical disc (CD-ROM).
|
| 650 |
0 |
0 |
|a Food industry and trade --
|x Directories --
|z Malaysia
|
| 650 |
0 |
0 |
|a Beverage industry --
|x Directories --
|z Malaysia
|
| 651 |
0 |
0 |
|a Malaysia
|
| 710 |
2 |
1 |
|a Federation of Malaysian Manufacturers (FMM)
|
| 999 |
|
|
|a CDR000507H
|b CD-ROM
|c AV Collection
|e Business Information Centre
|